000 00514cam a22001812 4500
001 0000000687
005 20151217155805.0
008 070215s xx 000 0 eng d
040 _aKABU
_cKABU
050 0 _aDT3
_b.A37
245 1 0 _aAfrica and its explorers :
_bmotives, methods and impact /
_ced. by R. I. Rotberg.
260 _aLondon :
_bOUP,
_c1970.
300 _a351 p.
700 1 _aRotberg, R. I.
_@0000148980
908 _a070215
950 _@1
999 _c12440
_d12440